Score 0/48 Timer 10:00
0 Plays Today
Category Answer % Correct
US SSESISESSSObama
97.3%
US SSESISESSSRoosevelt
93.5%
US SSESISESSSKennedy
92.8%
ELELELLLTin
92.4%
ELELELLLXenon
91.9%
ELELELLLBoron
90.9%
NUNNENNFour
90.7%
US SSESISESSSTyler
90%
NUNNENNEighty Six
90%
NUNNENNEleven
89.9%
NUNNENNThirty
89.7%
NUNNENNMillion
89.5%
NUNNENNForty Two
89.3%
ELELELLLEinsteinium
88.8%
US SSESISESSSPolk
88.5%
US SSESISESSSWilson
88.5%
NUNNENNSeventeen
88.5%
US SSESISESSSVan Buren
86.8%
US SSESISESSSHarrison
86.6%
BOOBB OB BBE BIBBEExodus
85.9%
BOABB BABEBMonopoly
85.7%
BOOBB OB BBE BIBBEGenesis
84.2%
NUNNENNThree Hundred
83.8%
BOABB BABEBYahtzee
83.5%
Category Answer % Correct
ELELELLLPlutonium
78%
OSSAS SISSISS SOSIESAmerican Beauty
78%
BOOBB OB BBE BIBBEHosea
77%
ELELELLLChlorine
75.4%
ELELELLLPhosphorus
75.3%
ELELELLLManganese
73.9%
OSSAS SISSISS SOSIESGone With the Wind
73.9%
OSSAS SISSISS SOSIESCasablanca
72.5%
OSSAS SISSISS SOSIESMy Fair Lady
69.9%
OSSAS SISSISS SOSIESCrash
67.4%
BOABB BABEBTrivial Pursuit
64.9%
OSSAS SISSISS SOSIESForrest Gump
64.3%
OSSAS SISSISS SOSIESUnforgiven
63.4%
BOOBB OB BBE BIBBEJudges
63.2%
BOABB BABEBStratego
61.2%
OSSAS SISSISS SOSIESWest Side Story
58.4%
BOABB BABEBScattergories
57.7%
BOABB BABEBCheckers
56.4%
BOOBB OB BBE BIBBELamentations
52.4%
BOOBB OB BBE BIBBEProverbs
51.7%
BOOBB OB BBE BIBBEMalachi
50.7%
BOOBB OB BBE BIBBENehemiah
48.3%
BOABB BABEBSettlers of Catan
46.2%
BOABB BABEBBackgammon
41.4%
Remove Ads.
Support Sporcle.
Get the best of Sporcle when you Go Orange. This ad-free experience offers more features, more stats, and more fun while also helping to support Sporcle. Thank you for becoming a member.

You're not logged in!

Compare scores with friends on all Sporcle quizzes.
OR
Log In

Show Comments

Extras

Top Quizzes Today


Score Distribution

Your Account Isn't Verified!

In order to create a playlist on Sporcle, you need to verify the email address you used during registration. Go to your Sporcle Settings to finish the process.

Report this User

Report this user for behavior that violates our Community Guidelines.

Details: